Cost & Management Accounting with complete solution. (Record no. 34490)
[ view plain ]
| 000 -LEADER | |
|---|---|
| fixed length control field | 00406nam a2200133Ia 4500 |
| 008 - FIXED-LENGTH DATA ELEMENTS--GENERAL INFORMATION | |
| fixed length control field | 231019s9999 xx 000 0 und d |
| 082 ## - DEWEY DECIMAL CLASSIFICATION NUMBER | |
| Classification number | 658.1511 |
| Item number | ZAH-C |
| 100 ## - MAIN ENTRY--AUTHOR | |
| Author Name | Dr.Zahid Mehmood, M.Arshad Awan,Khalid Latif & Rana Shahid Imdad |
| 245 #0 - TITLE STATEMENT | |
| Title | Cost & Management Accounting with complete solution. |
| 260 ## - PUBLICATION, DISTRIBUTION, ETC. | |
| Place of Publication | Faisalabad |
| Name of publisher, distributor, etc. | Kitab Markaz |
| Date of publication, distribution, etc. | 2014-15 |
| 300 ## - PHYSICAL DESCRIPTION | |
| Pages | 846 |
| 650 ## - SUBJECT ADDED ENTRY--TOPICAL TERM | |
| Subject / Department | Accounting |
| 952 ## - LOCATION AND ITEM INFORMATION (KOHA) | |
| -- | 0 |
| -- | 0 |
| Lost status | Damaged status | Permanent Location | Current Location | Date acquired | Full Call Number | Accession No./Barcode | Date last seen | item type |
|---|---|---|---|---|---|---|---|---|
| Superior Information Resource Center (SIRC) Superior University - City Campus | Superior Information Resource Center (SIRC) Superior University - City Campus | 10/19/2023 | 658.1511 ZAH-C | 28039 | 10/19/2023 | BOOK |
